000 00963nac a22002651u 4500
010 _a010335803
020 _a0273679848 (pbk)
082 _a330
_bHEA
090 _c9037
_d9037
100 _aHeather, Ken.
245 _aEconomics : theory in action /
_cKen Heather.
250 _a4th ed.
260 _aHarlow :
_bFinancial Times Prentice Hall, C.2004.
_c C.2004.
300 _axxiv, 516 p. :
_bill. ;
_c25 cm.
500 _aPrevious ed.: published as Understanding economics. 2000.
500 _aFormerly CIP. Uk
500 _aDistributer: Baccah.
504 _aIncludes bibliographical references and index.
511 _aCatalogued By: Mahitab.
650 _aEconomics.
650 _aEconomics -- Problems, exercises, etc.
700 _aHeather, Ken. Understanding economics.
942 _cBB
_k330HEA
999 _c9037
_d9037